000 01056nam a22002417a 4500
999 _c22623
_d22623
003 AR-CdUCM
008 190427b ||||| |||| 00| 0 spa d
020 _a9786124644757
040 _aMUNICIPALIDAD PROVINCIAL DEL CUSCO
_cBIBLIOTECA MUNICIPAL DEL CUSCO
082 _a367.985632/P26
_bP26
100 _aParedes Pando, Oscar
_914521
245 _aEl lunarejo Juan de Espinoza Medrano y Andahuaylas La Grande :
_bAntología y memorias /
_cOscar Paredes Pando
260 _aCusco :
_bUniversidad Nacional José María Arguedas,
_bJL editores,
_c2018.
300 _a437 paginas. :
_bilustraciones ;
_c24 cm.
500 _aHomenaje al Emblemático colegio Nacional Juan Espinoza Medrano en sus bodas de Diamante 1943-2018. Promoción Humberto Altamirano Cornejo 1967.
650 _aJuan Espinoza Medrano
_946056
650 _aColegio Nacional Juan Espinoza Medrano
_948687
650 _aHistoria institucional
_947480
650 _aAndahuaylas
_941011
710 _aUniversidad Nacional José María Arguedas
_948688
942 _2ddc
_cLIBROS
945 _arac